00482 a2200157 45000010006000000050017000060080041000230030015000640400040000790800072001192450035001912640044002263000018002700410008002881000028002966108820260407155902.0260407a1975 arg spa dAR-UNSa-BCEJYS aAR-UNSa-BCEJYSbspacAR-UNSa-BCEJYS a35.077.3xProcedimiento administrativo (licitación pública...) 10aProcedimientos administrativos 1aBuenos Aires :bEdiciones Depalmac1975 a54 p.c22 cm. aspa1 aArgentina [Leyes, etc.]